| Tag |
First Indicator |
Second Indicator |
Subfields |
| LEADER |
00000cam a2200000 4500 |
| 001 |
in00000019714 |
| 005 |
20151007053713.0 |
| 008 |
700227r19691908nyuac b 00110 eng |
| 010 |
|
|
|a 70083872
|
| 035 |
|
|
|a (OCoLC)00057326
|
| 035 |
|
|
|9 AAB2538AM
|
| 040 |
|
|
|a DLC
|c DLC
|d TXA
|d UtOrBLW
|
| 049 |
|
|
|a TXAM
|c [A12574355]
|
| 050 |
0 |
0 |
|a PN2596.L5
|b B7 1969
|
| 082 |
0 |
|
|a 792/.09427/2
|
| 100 |
1 |
|
|a Broadbent, R. J.
|
| 245 |
1 |
0 |
|a Annals of the Liverpool stage, from the earliest period to the present time :
|b together with some account of the theatres and music halls in Bootle and Birkenhead /
|c by R. J. Broadbent.
|
| 264 |
|
1 |
|a New York :
|b B. Blom,
|c [1969]
|
| 300 |
|
|
|a 393 pages :
|b illustrations, portraits ;
|c 23 cm.
|
| 336 |
|
|
|a text
|b txt
|2 rdacontent
|
| 337 |
|
|
|a unmediated
|b n
|2 rdamedia
|
| 338 |
|
|
|a volume
|b nc
|2 rdacarrier
|
| 500 |
|
|
|a Reprint of 1908 edition.
|
| 504 |
|
|
|a Includes bibliographical references and index.
|
| 650 |
|
0 |
|a Theater
|z England
|z Liverpool.
|
| 650 |
|
0 |
|a Theater
|z England
|z Bootle.
|
| 650 |
|
0 |
|a Theater
|z England
|z Birkenhead.
|
| 999 |
|
|
|a MARS
|
| 999 |
f |
f |
|s 4263d659-19b7-3ae2-8d9c-61213938dd5d
|i a1b93c98-cdd8-3c3d-8927-a6c8e970b1d9
|t 0
|
| 952 |
f |
f |
|p ric
|a Texas A&M University
|b Rellis Campus
|c Joint Library Facility
|d Remote Storage
|t 0
|e PN2596.L5 B7 1969
|h Library of Congress classification
|i unmediated -- volume
|m A14812574355
|
| 998 |
f |
f |
|a PN2596.L5 B7 1969
|t 0
|l Remote Storage
|